000 00729nam a22001817a 4500
003 UA-OsUOA
001 13717
007 ta
008 20030617b un ||||| |||| 00| 0 ukr d
100 _aРачковсьий Ю.
942 _cSA
040 _aUA-OsUOA
_cUA-OsUOA
_dUA-OsUOA
245 _aФутбол - це моє життя
_b[Бесіда з В.Чирковим, який був у складі рівнен. футбол. команди "Авангард" у 70-80-х рр. 20 ст.]
_cЮ. Рачковсьий; Ю. Рачковский
300 _aС.8
955 _a0
773 0 _w0
_tРівненський діалог
_dРівне
_d2003
_g№21/30 трав./
650 7 _aКраєзнавча робота
_2UDC
999 _c299878
_d299878